<?xml version="1.0" encoding="UTF-8"?>
<record
    xmlns:xsi="http://www.w3.org/2001/XMLSchema-instance"
    xsi:schemaLocation="http://www.loc.gov/MARC21/slim http://www.loc.gov/standards/marcxml/schema/MARC21slim.xsd"
    xmlns="http://www.loc.gov/MARC21/slim">

  <leader>01531nam0a22002771  4500</leader>
  <controlfield tag="001">rc\4375735</controlfield>
  <controlfield tag="005">20250612063846.0</controlfield>
  <datafield tag="021" ind1=" " ind2=" ">
    <subfield code="a">RU</subfield>
    <subfield code="b">[63-24470]</subfield>
  </datafield>
  <datafield tag="035" ind1=" " ind2=" ">
    <subfield code="a">(NLR Aleph) 008544292</subfield>
  </datafield>
  <datafield tag="090" ind1=" " ind2=" ">
    <subfield code="a">8366595</subfield>
    <subfield code="c">8366595</subfield>
  </datafield>
  <datafield tag="100" ind1=" " ind2=" ">
    <subfield code="a">20130416d1963    |||y0rusy50      ca</subfield>
  </datafield>
  <datafield tag="101" ind1="0" ind2=" ">
    <subfield code="a">rus</subfield>
  </datafield>
  <datafield tag="102" ind1=" " ind2=" ">
    <subfield code="a">RU</subfield>
  </datafield>
  <datafield tag="105" ind1=" " ind2=" ">
    <subfield code="a">a   z   |||||</subfield>
  </datafield>
  <datafield tag="200" ind1="1" ind2=" ">
    <subfield code="a">&#x412;&#x43E;&#x43F;&#x440;&#x43E;&#x441;&#x44B; &#x43E;&#x445;&#x440;&#x430;&#x43D;&#x44B; &#x437;&#x434;&#x43E;&#x440;&#x43E;&#x432;&#x44C;&#x44F; &#x434;&#x435;&#x442;&#x435;&#x439; &#x438; &#x43F;&#x43E;&#x434;&#x440;&#x43E;&#x441;&#x442;&#x43A;&#x43E;&#x432;</subfield>
    <subfield code="e">(&#x41C;&#x430;&#x442;&#x435;&#x440;&#x438;&#x430;&#x43B;&#x44B; &#x41D;&#x430;&#x443;&#x447;. &#x43A;&#x43E;&#x43D;&#x444;&#x435;&#x440;&#x435;&#x43D;&#x446;&#x438;&#x438; &#x43F;&#x43E; &#x440;&#x435;&#x441;&#x43F;. &#x43F;&#x440;&#x43E;&#x431;&#x43B;&#x435;&#x43C;&#x435; "&#x41E;&#x445;&#x440;&#x430;&#x43D;&#x430; &#x437;&#x434;&#x43E;&#x440;&#x43E;&#x432;&#x44C;&#x44F; &#x434;&#x435;&#x442;&#x435;&#x439; &#x438; &#x43F;&#x43E;&#x434;&#x440;&#x43E;&#x441;&#x442;&#x43A;&#x43E;&#x432;")</subfield>
    <subfield code="f">&#x41F;&#x43E;&#x434; &#x440;&#x435;&#x434;. &#x447;&#x43B;.-&#x43A;&#x43E;&#x440;. &#x410;&#x41C;&#x41D; &#x421;&#x421;&#x421;&#x420; &#x43F;&#x440;&#x43E;&#x444;. &#x414;.&#x41D;. &#x41A;&#x430;&#x43B;&#x44E;&#x436;&#x43D;&#x43E;&#x433;&#x43E; &#x438; &#x434;&#x43E;&#x446;. &#x421;.&#x421;. &#x41F;&#x43E;&#x437;&#x43D;&#x430;&#x43D;&#x441;&#x43A;&#x43E;&#x433;&#x43E;</subfield>
    <subfield code="g">&#x41C;-&#x432;&#x43E; &#x437;&#x434;&#x440;&#x430;&#x432;&#x43E;&#x43E;&#x445;&#x440;&#x430;&#x43D;&#x435;&#x43D;&#x438;&#x44F; &#x423;&#x421;&#x421;&#x420;. &#x41F;&#x440;&#x43E;&#x431;&#x43B;&#x435;&#x43C;&#x43D;&#x430;&#x44F; &#x43A;&#x43E;&#x43C;&#x438;&#x441;. &#x423;&#x447;&#x435;&#x43D;. &#x43C;&#x435;&#x434;. &#x441;&#x43E;&#x432;&#x435;&#x442;&#x430; &#x41C;&#x417; &#x423;&#x421;&#x421;&#x420;. &#x423;&#x43A;&#x440;. &#x43D;&#x430;&#x443;&#x447;.-&#x438;&#x441;&#x441;&#x43B;&#x435;&#x434;. &#x438;&#x43D;-&#x442; &#x43A;&#x43E;&#x43C;&#x43C;&#x443;&#x43D;. &#x433;&#x438;&#x433;&#x438;&#x435;&#x43D;&#x44B;</subfield>
  </datafield>
  <datafield tag="210" ind1=" " ind2=" ">
    <subfield code="a">&#x41A;&#x438;&#x435;&#x432;</subfield>
    <subfield code="c">&#x413;&#x43E;&#x441;&#x43C;&#x435;&#x434;&#x438;&#x437;&#x434;&#x430;&#x442; &#x423;&#x421;&#x421;&#x420;</subfield>
    <subfield code="d">1963</subfield>
  </datafield>
  <datafield tag="215" ind1=" " ind2=" ">
    <subfield code="a">220 &#x441;.</subfield>
    <subfield code="c">&#x438;&#x43B;.</subfield>
    <subfield code="d">20</subfield>
  </datafield>
  <datafield tag="606" ind1=" " ind2=" ">
    <subfield code="a">&#x41E;&#x445;&#x440;&#x430;&#x43D;&#x430; &#x437;&#x434;&#x43E;&#x440;&#x43E;&#x432;&#x44C;&#x44F; &#x434;&#x435;&#x442;&#x435;&#x439; &#x438; &#x43F;&#x43E;&#x434;&#x440;&#x43E;&#x441;&#x442;&#x43A;&#x43E;&#x432;</subfield>
    <subfield code="j">&#x421;&#x431;&#x43E;&#x440;&#x43D;&#x438;&#x43A;&#x438;</subfield>
    <subfield code="2">psbo</subfield>
  </datafield>
  <datafield tag="702" ind1=" " ind2="1">
    <subfield code="a">&#x41A;&#x430;&#x43B;&#x44E;&#x436;&#x43D;&#x44B;&#x439;</subfield>
    <subfield code="b">&#x414;.&#x41D;.</subfield>
    <subfield code="g">&#x414;&#x435;&#x43D;&#x438;&#x441; &#x41D;&#x438;&#x43A;&#x43E;&#x43B;&#x430;&#x435;&#x432;&#x438;&#x447;</subfield>
    <subfield code="4">340</subfield>
  </datafield>
  <datafield tag="702" ind1=" " ind2="1">
    <subfield code="a">&#x41F;&#x43E;&#x437;&#x43D;&#x430;&#x43D;&#x441;&#x43A;&#x438;&#x439;</subfield>
    <subfield code="b">&#x421;.&#x421;.</subfield>
    <subfield code="4">340</subfield>
  </datafield>
  <datafield tag="712" ind1="0" ind2="2">
    <subfield code="a">&#x423;&#x43A;&#x440;&#x430;&#x438;&#x43D;&#x441;&#x43A;&#x430;&#x44F; &#x440;&#x435;&#x441;&#x43F;. &#x43D;&#x430;&#x443;&#x447;. &#x43A;&#x43E;&#x43D;&#x444;&#x435;&#x440;&#x435;&#x43D;&#x446;&#x438;&#x44F; &#x43F;&#x43E; &#x43F;&#x440;&#x43E;&#x431;&#x43B;&#x435;&#x43C;&#x435; "&#x41E;&#x445;&#x440;&#x430;&#x43D;&#x430; &#x437;&#x434;&#x43E;&#x440;&#x43E;&#x432;&#x44C;&#x44F; &#x434;&#x435;&#x442;&#x435;&#x439; &#x438; &#x43F;&#x43E;&#x434;&#x440;&#x43E;&#x441;&#x442;&#x43A;&#x43E;&#x432;" ( 1963; &#x41A;&#x438;&#x435;&#x432;)</subfield>
  </datafield>
  <datafield tag="801" ind1=" " ind2="0">
    <subfield code="a">RU</subfield>
    <subfield code="b">NLR</subfield>
    <subfield code="g">psbo</subfield>
  </datafield>
  <datafield tag="801" ind1=" " ind2="1">
    <subfield code="a">RU</subfield>
    <subfield code="b">ELAR</subfield>
    <subfield code="2">rusmarc</subfield>
  </datafield>
  <datafield tag="852" ind1=" " ind2=" ">
    <subfield code="a">NLR</subfield>
    <subfield code="j">63-3/2370</subfield>
  </datafield>
  <datafield tag="942" ind1=" " ind2=" ">
    <subfield code="c">BOOK</subfield>
  </datafield>
  <datafield tag="980" ind1=" " ind2=" ">
    <subfield code="a">NB</subfield>
  </datafield>
  <datafield tag="995" ind1=" " ind2=" ">
    <subfield code="5">2013-10-26</subfield>
    <subfield code="b">NLR01</subfield>
    <subfield code="c">NLR01</subfield>
    <subfield code="e">RF31</subfield>
    <subfield code="f">8544292-10</subfield>
    <subfield code="k">63-3/2370</subfield>
    <subfield code="o">0</subfield>
    <subfield code="r">BOOK</subfield>
    <subfield code="s">6332370_</subfield>
  </datafield>
</record>
